<?xml version="1.0" encoding="UTF-8"?>
<marc:record xmlns:marc="http://www.loc.gov/MARC21/slim">
   <marc:leader>00000nam a2200000 a 4500</marc:leader>
   <marc:datafield ind1=" " ind2=" " tag="653">
      <marc:subfield code="a">Kassette / Kinder- und Jugendbücher/Vorlesebücher</marc:subfield>
   </marc:datafield>
   <marc:datafield ind1=" " ind2=" " tag="653">
      <marc:subfield code="a">CD</marc:subfield>
   </marc:datafield>
   <marc:datafield ind1="0" ind2="0" tag="245">
      <marc:subfield code="a">Pink Pirates</marc:subfield>
   </marc:datafield>
   <marc:datafield ind1="0" ind2="0" tag="245">
      <marc:subfield code="c">Sylvia Englert ; Gosia Kollek. Sprecher: Erzähler: Thomas Karallus ; Lila: Mia Diekow ; Lotta: Linda Fölster ... Hörspielbearb.: Daniela Wakonigg. Regie: Thomas Karallus</marc:subfield>
   </marc:datafield>
   <marc:datafield ind1=" " ind2="1" tag="264">
      <marc:subfield code="a">Hamburg</marc:subfield>
      <marc:subfield code="b">Hörbuch Hamburg</marc:subfield>
      <marc:subfield code="c">2013</marc:subfield>
   </marc:datafield>
   <marc:datafield ind1="1" ind2=" " tag="520">
      <marc:subfield code="a">Angaben aus der Verlagsmeldung

Pink Pirates, Band 1: Pink Pirates und der Prinzenkuchen : : 1 CD / von Sylvia Englert, Gosia Kollek

Lila, Lotta und Lulu sind die Pink Pirates. Die drei Piratenm&amp;auml;dchen segeln auf ihrem Schiff Pink Pearl &amp;uuml;ber die Weltmeere. Doch rauben und kapern sie keine Schiffe, sondern helfen all denjenigen, die in Not sind.

Pink Pirates und der Prinzenkuchen: Was passiert, wenn ein Prinz Geburtstag hat und seiner Schiffsmannschaft nichts von der Torte abgeben will? Meuterei. Das ist f&amp;uuml;r beide Seiten ung&amp;uuml;nstig. Zum Gl&amp;uuml;ck kommen die Pink Pirates vorbei.
</marc:subfield>
   </marc:datafield>
   <marc:datafield ind1=" " ind2=" " tag="020">
      <marc:subfield code="a">9783867427074</marc:subfield>
      <marc:subfield code="9">9783867427074</marc:subfield>
   </marc:datafield>
   <marc:datafield ind1=" " ind2=" " tag="020">
      <marc:subfield code="a">3867427070</marc:subfield>
      <marc:subfield code="9">3867427070</marc:subfield>
   </marc:datafield>
   <marc:datafield ind1=" " ind2=" " tag="041">
      <marc:subfield code="a">ger</marc:subfield>
   </marc:datafield>
   <marc:datafield ind1=" " ind2=" " tag="300">
      <marc:subfield code="a">1 CD (ca. 37 Min.)</marc:subfield>
   </marc:datafield>
</marc:record>
